| 000 | 01254caa a22002651ib4500 | ||
|---|---|---|---|
| 003 | SA-RiAUC | ||
| 005 | 20260204142133.0 | ||
| 008 | 260203s2002 ku g b f000 0 ara c | ||
| 040 |
_aSA-JeALM _bara _cSA-RiAUC. _erda |
||
| 050 | 4 | _b.S53 2002 | |
| 082 | 0 | 4 |
_a259 _qSA-RiAUC |
| 090 |
_a259 _bش ر ك |
||
| 110 | 2 |
_aشركة أعيان للإجارة والاستثمار (الكويت). _bهيئة الفتوى والرقابة الشرعية _eمؤلف. |
|
| 245 | 1 | 2 |
_aالفتاوى الشرعية / _cهيئة الفتوى والرقابة الشرعية، شركة أعيان للإجارة والاستثمار. |
| 264 |
_aالكويت : _bشركة أعيان للإجارة والإستثمار. _c( 2002 ) |
||
| 300 |
_aمجلد ؛ _c24 سم |
||
| 336 |
_aنص _btxt _2rdacontent _3كتاب |
||
| 337 |
_aبدون وسيط _bn _2rdamedia |
||
| 504 | _aيشتمل على إرجاعات ببليوجرافية. | ||
| 580 | _aفي : الفتاوى الشرعية. -الكويت : شركة أعيان للإجارة والاستثمار، 2002. -ج. 1. | ||
| 650 | 7 |
_aالفقه الإسلامي _2aucsh |
|
| 650 | 7 |
_aالمعاملات (فقه إسلامي) _2aucsh |
|
| 942 |
_2ddc _cBOOK _n0 |
||
| 949 |
_aSA-JeALM _d260203 _uosman123 _n1 |
||
| 999 |
_c14244 _d14244 |
||